Методы расчета и конструирования средств электроизмерительной техники: сборник научных трудов

Dettagli Bibliografici
Ente Autore: Всесоюзный научно-исследовательский институт электроизмерительных приборов (ВНИИЭП)
Altri autori: Завадский Н. Н.
Lingua:russo
Pubblicazione: Ленинград, Изд-во ВНИИЭП, 1978
Serie:Труды ВНИИЭП
Soggetti:
Natura: MixedMaterials Libro
KOHA link:https://koha.lib.tpu.ru/cgi-bin/koha/opac-detail.pl?biblionumber=191561

MARC

LEADER 00000nam0a2200000 4500
001 191561
005 20231031180733.0
035 |a (RuTPU)RU\TPU\book\208884 
090 |a 191561 
100 |a 20110207d1978 k y0rusy50 ca 
101 0 |a rus 
102 |a RU 
105 |a a z 001zy 
200 1 |a Методы расчета и конструирования средств электроизмерительной техники  |e сборник научных трудов  |f Всесоюзный научно-исследовательский институт электроизмерительных приборов (ВНИИЭП) ; отв. за вып. Н. Н. Завадский 
210 |a Ленинград  |c Изд-во ВНИИЭП  |d 1978 
215 |a 156 с.  |c ил. 
225 1 |a Труды ВНИИЭП 
320 |a Библиогр. в конце ст. 
610 1 |a электроизмерительная техника 
610 1 |a методы расчета 
610 1 |a конструирование 
675 |a 621.317.7  |v 3 
702 1 |a Завадский  |b Н. Н.  |4 540 
712 0 2 |a Всесоюзный научно-исследовательский институт электроизмерительных приборов (ВНИИЭП)  |c (Ленинград)  |c (1952-1993)  |2 stltpush  |3 (RuTPU)RU\TPU\col\15660 
801 1 |a RU  |b 63413507  |c 20110207 
801 2 |a RU  |b 63413507  |c 20110302  |g RCR 
942 |c BK